New AMS dates from Estonian Stone Age burial sites

Titel: New AMS dates from Estonian Stone Age burial sites
Verfasser:
Beteiligt: ; ; ;
In: Eesti arheoloogia ajakiri, Band 11, Heft 2 (2007), Seite 83-121, Abb.
alle Artikel anzeigen
Veröffentlicht: 2007
Format: Aufsatz
Sprache: Englisch
Kein Bild verfügbar
X
alg: 39174442
001A    $01999:11-11-16 
001B    $01999:28-04-17 $t14:29:59.000 
001D    $01999:11-11-16 
001U    $0utf8 
001X    $00 
002@    $0Aox 
003@    $0391744429 
007A    $0391744429 $aHEB 
007T    $0Herdc0062064m 
010@    $aeng 
011@    $a2007 
021A    $aNew AMS dates from Estonian Stone Age burial sites 
028A    $aKriiska $dAivar 
028B/01 $aLõugas $dLembi 
028B/02 $aLõhmus $dMari 
028B/03 $aMannermaa $dKristiina 
028B/04 $aJohanson $dKristiina 
031A    $d11 $e2 $h83-121, Abb. $j2007 
037A    $aestn. Res. 115-121: Uued AMS-dateeringud Eesti kiviaja matmispaikadest 
039B    $aIn $8--Abvc--. Eesti arheoloogia ajakiri. - Tallinn : Teaduste Akadeemia Kirjastus, 1997-2003. - ISSN 1406-2933 $x200700000110002917 $9091024889 
045T    $a7,44 

lok: 39174442 78

exp: 39174442 78 1 #EPN
201B/01 $019-04-17 $t10:22:06.000 
201U/01 $0utf8 
203@/01 $078783923X 
208@/01 $a11-11-16 $be 
209A/01 $a/ $f000 $x00 
220C/01 $aTitelaufnehmer: kk 
220C/01 $aHerkunft: HI Marburg 
244Z/01 $2Trx $#Estija $#Igaunija $#Estland $#Estonia $#Estonia $#Estónsko $#Estonsko $8--Trx--Eesti $x01 $9391237225 
244Z/01 $2Trx $#hauad arheoloogia $#kapai archeologija $#Graves archaeology $#sírásók régészet $#archeologia, pochówki $#archeológia, hroby $#archeologie, hroby $#groby archeologia $8--Trx--Gräber$gArchäologie $x02 $9391372920 
244Z/01 $2Trx $#neoliitikum $#neolitas $#Neolithic age $#újkökor $#neolit $#neolit $#neolit $#Noorem kiviaeg $#Steinzeit, jüngere $#Archäologie Neolithikum $#doba kamenná, mladšia $8--Trx--Neolithikum $x03 $9391379402 
244Z/01 $2Trx $#matusekombed $#laidotuvių apeigos $#Burial practices $#gyászolási szokások $#obrzędy pogrzebowe $#obrady, pohrebné $#obřady pohřební $8--Trx--Bestattungsbräuche $x04 $9391382861 
244Z/01 $2Trx $#dateerimismeetodid arheoloogia $#archeologijos datavimo metodai $#Methods of dating archeology $#keltezési módok régészet $#metody datowania archeologia $#datovanie archeológia $#datování archeologie $8--Trx--Datierungsmethoden$gArchäologie $x05 $9391373269 
244Z/01 $2Trx $8--Trx--Zeitschriftenaufsatz $x06 $9391384341 
245Z/01 $a05.02 $x01 
247C/01 $82080>Marburg/Lahn, Herder-Institut, Forschungsbibliothek, Bibliographieportal $9336309341
LEADER 00000caa a22000002c 4500
001 391744429
003 DE-603
005 20170428142959.0
007 tu
008 161111s2007 xx |||| | u00||u|eng c
035 |a (DE-599)HEB391744429 
040 |a DE-603  |b ger  |c DE-603  |d DE-603 
041 |a eng 
084 |a 7,44  |2 ssgn 
100 1 |a Kriiska, Aivar 
245 0 0 |a New AMS dates from Estonian Stone Age burial sites 
264 0 |c 2007 
500 |a estn. Res. 115-121: Uued AMS-dateeringud Eesti kiviaja matmispaikadest 
700 1 |a Lõugas, Lembi 
700 1 |a Lõhmus, Mari 
700 1 |a Mannermaa, Kristiina 
700 1 |a Johanson, Kristiina 
773 0 8 |i In  |t Eesti arheoloogia ajakiri  |d Tallinn : Teaduste Akadeemia Kirjastus, 1997-2003  |x 1406-2933  |g Band 11, Heft 2 (2007), Seite 83-121, Abb.  |w (DE-603)091024889  |w (DE-600)2010992-1 
924 0 |9 2080  |a (DE-603)78783923X  |b DE-2080  |c HES  |d d  |g /